Heavens Gate quadrangle, Idaho : 7.5-minute series (topographic) /

Bibliographic Details
Corporate Author: United States. Forest Service (Cartographer)
Format: Government Document Map Serial
Language:English
Published: [Washington, D.C.] : U.S. Department of Agriculture, Forest Service, 2012-
Subjects:
Online Access:Current edition only
Archives
Current edition only:
Archives:
http://purl.fdlp.gov/GPO/gpo53374

MARC

Tag First Indicator Second Indicator Subfields
LEADER 00000ces a2200000Ii 4500
001 in00003522321
005 20181030094609.0
006 s x f0 0
006 m o d f
007 aj cznzn
007 cr cn|||||||||
008 141118c20129999dcuag bh c fo 1 eng d
034 1 |a a  |b 24000  |d W1163000  |e W1162230  |f N0452230  |g N0451500 
035 |a (OCoLC)ocn895888772 
043 |a n-us-id 
040 |a GPO  |b eng  |e rda  |e pn  |c GPO  |d COO  |d OCLCO  |d OCLCF  |d OCL  |d GPO  |d MvI 
049 |a WWW 
052 |a 4272  |b N4  |b P3 
074 |a 0080-G-03 (online) 
086 0 |a A 13.28/6:45116-C 4/ 
110 1 |a United States.  |b Forest Service,  |e cartographer. 
245 1 0 |a Heavens Gate quadrangle, Idaho :  |b 7.5-minute series (topographic) /  |c produced by the USDA Forest Service. 
246 1 |i Filing title:  |a Heavens Gate, ID 
255 |a Scale 1:24,000 ;  |b universal transverse Mercator projection  |c (W 116°30ʹ00ʺ--W 116°22ʹ30ʺ/N 45°22ʹ30ʺ--N 45°15ʹ00ʺ). 
264 1 |a [Washington, D.C.] :  |b U.S. Department of Agriculture, Forest Service,  |c 2012- 
300 |a 1 online resource (maps) :  |b color 
310 |a Irregular 
336 |a cartographic image  |b cri  |2 rdacontent 
337 |a computer  |b c  |2 rdamedia 
338 |a online resource  |b cr  |2 rdacarrier 
362 1 |a Began with 2012. 
500 |a Relief shown by contours and spot heights. 
500 |a Includes location map and index to adjoining quadrangles. 
588 |a Description based on: 2012; title from title screen (viewed on Nov. 18, 2014). 
588 |a Latest issue consulted: 2012 (viewed on Nov. 18, 2014). 
651 0 |a Payette National Forest (Idaho)  |v Maps. 
651 0 |a Nezperce National Forest (Idaho)  |v Maps. 
651 7 |a Idaho  |z Nezperce National Forest.  |2 fast  |0 (OCoLC)fst01241104 
651 7 |a Idaho  |z Payette National Forest.  |2 fast  |0 (OCoLC)fst01245652 
655 7 |a Topographic maps.  |2 fast  |0 (OCoLC)fst01423808 
655 7 |a Topographic maps.  |2 lcgft 
655 7 |a Maps.  |2 fast  |0 (OCoLC)fst01423704 
776 0 8 |i Print version:  |a United States. Forest Service.  |t Pearsoll Peak quadrangle, Oregon  |w (OCoLC)895886810 
856 4 0 |3 Current edition only  |u http://purl.fdlp.gov/GPO/gpo67357  |t 0 
856 4 0 |3 Archives  |u http://purl.fdlp.gov/GPO/gpo53374  |t 0 
856 4 0 |3 Current edition only:  |u http://purl.fdlp.gov/GPO/gpo67357  |t 0 
856 4 0 |3 Archives:  |u http://purl.fdlp.gov/GPO/gpo53374  |t 0 
856 4 0 |u http://purl.fdlp.gov/GPO/gpo53374  |t 0 
999 f f |s 2787463e-b559-367c-b363-97568e0e14b4  |i fdda8daf-6c6f-3a35-9c9d-00029e48c351  |t 0 
952 f f |a Texas A&M University  |b College Station  |c Electronic Resources  |d Available Online  |t 0  |e A 13.28/6:45116-C 4/  |h Superintendent of Documents classification 
998 f f |a A 13.28/6:45116-C 4/  |t 0  |l Available Online